000 00626nam a2200181 i 4500
001 104146
003 ES-MaACL
005 20230906183526.0
007 t|
008 051124s1965 sp ||||1| spa d
100 1 _aMichel-Wolfromm, Hélène.
_980910
245 1 0 _aGinecología psicosomática /
_cbajo la dirección de Hélène Michel-Wolfromm; prefacio de Raul Palmer...; versión... F. Freixa Santfeliu.
260 _aBarcelona :
_bToray-Masson,
_c1965.
300 _aXVI, 242 p. ;
_c24 cm.
700 1 _aPalmer, Raoul.
_988643
700 1 _aFreixa i Sanfeliu, Francesc.
_952475
852 _aES-MaACL
_jC-28445
_bR.57736
999 _c104146
_d104146